| 000 | 00606nam a22002177a 4500 | ||
|---|---|---|---|
| 003 | OSt | ||
| 005 | 20220107122740.0 | ||
| 008 | 140425b xxu||||| |||| 00| 0 eng d | ||
| 020 | _a9788126524112 | ||
| 040 | _cIIITM-K | ||
| 082 | _a005.136 DUN/A;1 | ||
| 100 |
_aDuntemann, Jeff _94465 |
||
| 245 |
_aAssembly language: _bStep by step programming with Linux _cby Jeff Duntemann |
||
| 250 | _a3rd ed. | ||
| 260 |
_aNew Delhi, _bWiley, _c2011. |
||
| 300 | _axxxi, 609p. | ||
| 650 |
_aCOMPUTER SCIENCE _94466 |
||
| 650 |
_aCOMPUTER LANGUAGES _94467 |
||
| 650 |
_aASSEMBLY LANGUAGES _94468 |
||
| 942 |
_2ddc _cBK |
||
| 999 |
_c3942 _d3942 |
||